Every Country with 100M+ People in 2100 if Growth Rates stay Fixed - Statistics

General Stats
  • This quiz has been taken 36 times
  • The average score is 38 of 46
Answer Stats
Population Country % Correct
346,000,000 Brazil
100%
2,599,000,000 India
100%
511,000,000 Indonesia
100%
882,000,000 Ethiopia
96%
234,000,000 Mexico
96%
495,000,000 Niger
96%
604,000,000 Tanzania
96%
592,000,000 United States
96%
357,000,000 Bangladesh
93%
1,307,000,000 China
93%
186,000,000 Iran
93%
1,739,000,000 Nigeria
93%
1,115,000,000 Pakistan
93%
387,000,000 Sudan
93%
1,308,000,000 Democratic Republic of the Congo
89%
386,000,000 Egypt
89%
294,000,000 Kenya
89%
206,000,000 Vietnam
89%
161,000,000 Algeria
86%
227,000,000 Iraq
86%
248,000,000 Mali
86%
147,000,000 Somalia
86%
629,000,000 Uganda
86%
537,000,000 Angola
82%
265,000,000 Mozambique
82%
131,000,000 Saudi Arabia
82%
152,000,000 South Africa
82%
462,000,000 South Sudan
82%
204,000,000 Zambia
82%
254,000,000 Afghanistan
79%
254,000,000 Cameroon
79%
192,000,000 Ghana
79%
129,000,000 Malawi
79%
403,000,000 Philippines
79%
177,000,000 Côte d'Ivoire
75%
131,000,000 Guinea
71%
184,000,000 Madagascar
71%
143,000,000 Turkiye
71%
197,000,000 Benin
68%
161,000,000 Burkina Faso
68%
225,000,000 Chad
68%
132,000,000 Senegal
68%
171,000,000 Yemen
68%
132,000,000 Burundi
57%
115,000,000 Uzbekistan
43%
181,000,000 Venezuela
36%
No matching quizzes found
Score Distribution
Percent of People with Each Score
Percentile by Number Answered
Your Score History
You have not taken this quiz